<?xml version="1.0" encoding="UTF-8"?>
<marc:record xmlns:marc="http://www.loc.gov/MARC21/slim">
   <marc:leader>00000nam a2200000 a 4500</marc:leader>
   <marc:datafield ind1="1" ind2=" " tag="100">
      <marc:subfield code="a">Rust, Jes</marc:subfield>
      <marc:subfield code="4">aut</marc:subfield>
      <marc:subfield code="e">Verfasser/-in</marc:subfield>
   </marc:datafield>
   <marc:datafield ind1=" " ind2=" " tag="653">
      <marc:subfield code="a">Fossil</marc:subfield>
   </marc:datafield>
   <marc:datafield ind1=" " ind2=" " tag="653">
      <marc:subfield code="a">Evolution</marc:subfield>
   </marc:datafield>
   <marc:datafield ind1=" " ind2=" " tag="653">
      <marc:subfield code="a">Einführung</marc:subfield>
   </marc:datafield>
   <marc:datafield ind1="0" ind2="0" tag="245">
      <marc:subfield code="a">Fossilien</marc:subfield>
   </marc:datafield>
   <marc:datafield ind1="0" ind2="0" tag="245">
      <marc:subfield code="b">Meilensteine der Evolution</marc:subfield>
   </marc:datafield>
   <marc:datafield ind1="0" ind2="0" tag="245">
      <marc:subfield code="c">Jes Rust</marc:subfield>
   </marc:datafield>
   <marc:datafield ind1=" " ind2="1" tag="264">
      <marc:subfield code="a">Darmstadt</marc:subfield>
      <marc:subfield code="b">Primus-Verl.</marc:subfield>
      <marc:subfield code="c">2011</marc:subfield>
   </marc:datafield>
   <marc:datafield ind1="1" ind2=" " tag="520">
      <marc:subfield code="a">Angaben aus der Verlagsmeldung

Fossilien : Meilensteine der Evolution / von Jes Rust

Fossilien sind wichtige Zeugnisse der Evolution, denn sie liefern uns konkrete Hinweise über die Entwicklung des Lebens und die Entfaltung der Biodiversität auf unserem Planeten über Hunderte von Jahrmillionen.
Das vorliegende Buch ist eine kompetente und reich bebilderte Einführung in diese faszinierende Thematik. Gleichzeitig bietet es Ansätze für eine vertiefende Beschäftigung mit den zahlreichen Facetten der paläontologischen Evolutionsforschung, die hier nach dem aktuellsten Stand der Wissenschaft vorgestellt wird. Dabei soll nicht vergessen werden, dass Fossilien nicht nur Studienobjekte sind, sondern häufig auch hohen ästhetischen Wert besitzen. Dies wird durch eine Vielzahl von exklusiven Originalaufnahmen dokumentiert, die eigens für dieses Buch angefertigt wurden.
</marc:subfield>
   </marc:datafield>
   <marc:datafield ind1=" " ind2=" " tag="020">
      <marc:subfield code="a">9783896787170</marc:subfield>
      <marc:subfield code="9">9783896787170</marc:subfield>
   </marc:datafield>
   <marc:datafield ind1=" " ind2=" " tag="041">
      <marc:subfield code="a">ger</marc:subfield>
   </marc:datafield>
   <marc:datafield ind1=" " ind2=" " tag="300">
      <marc:subfield code="a">160 S.</marc:subfield>
   </marc:datafield>
</marc:record>
